000 00444nam a2200157Ia 4500
008 210210b1974 xxu||||| |||| 00| 0 eng d
020 _a0 19 851807 2
082 _a530 BURO
100 _aBURGE (E J) & others, Ed.
245 _aOxford physics series: Space physics the study of plasmas in space.
260 _aOxford
_bClarendon Press
_c1974
300 _axvii,100
650 _aSpace physics plasmas
690 _aPhysics
906 _a039651
999 _c89843
_d89843